header

Necessary madness (Record no. 3925)

MARC details
000 -LEADER
fixed length control field 01491nam a2200361Ia 4500
082 04 - DEWEY DECIMAL CLASSIFICATION NUMBER
Classification number 813/.309355
100 1# - MAIN ENTRY--AUTHOR NAME
Personal name Camfield, Gregg.
245 10 - TITLE STATEMENT
Title Necessary madness
260 ## - PUBLICATION, DISTRIBUTION, ETC. (IMPRINT)
Place of publication New York :
Name of publisher Oxford University Press,
Year of publication c1997.
300 ## - PHYSICAL DESCRIPTION
Number of Pages xviii, 236 p. :
Other physical details ill.
650 #0 - SUBJECT ADDED ENTRY--TOPICAL TERM
Topical Term American wit and humor
Topical Term Families in literature.
Topical Term Home in literature.
Topical Term Literature and society
Topical Term Man-woman relationships in literature.
Topical Term Marriage in literature.
856 40 - ELECTRONIC LOCATION AND ACCESS
Uniform Resource Identifier http://site.ebrary.com/lib/rucke/Doc?id=10279369

No items available.

© 2026 Rongo University
Contact us: librarian | system librarian | Rongo university